000
00329 a2200109 4500
001
ART_42617
005
20260410161953.0
008
260409a
245
1
0
_a
Derecho empresario o individualista
100
1
_a
Chiappini, Julio O.
773
0
_t
Temas de derecho comercial
_g
- Año 3, Nº 6 (jun. 2017)
_w
REV28151
999
_c
30538
_d
30538